000 00577aas a22001814i 4500
999 _c49669
_d49669
001 768714001
003 CO-MdFUSB
005 20180413155523.0
008 170428s1993 sp ||||| |||| 00| 0 spa d
040 _aCO-MdFUSB
_bspa
_cCO-MdFUSB
_dCO-MdFUSB
041 _aspa
100 1 _aStott, John
_eautor
245 0 0 _aPrincipios básicos para interpretar la Biblia
300 _aVolumen 1, (1993) páginas 33 - 45
_c: 21 cm.
650 0 _9360
_aBiblia
_bEvidencias, autoridad, etc.
773 0 _tAndamio
_049451
_960451
_gVolumen 1, (1993) páginas 33 - 45
_qPágina 33
942 _cANA